[Event "Kimry Spring op"]
[Site "Kimry"]
[Date "2011.05.01"]
[Round "5"]
[White "Dobrynina, Aleksandra"]
[Black "Zaitsev, Mikhael"]
[Result "1-0"]
[WhiteElo "1911"]
[BlackElo "2016"]
[PlyCount "53"]
[EventDate "2011.04.29"]
[EventType "swiss"]
[EventRounds "8"]
[EventCountry "RUS"]
[SourceTitle "CBM 142 Extra"]
[Source "ChessBase"]
[SourceDate "2011.06.27"]
[SourceVersion "1"]
[SourceVersionDate "2011.06.27"]
[SourceQuality "1"]

1. d4 Nf6 2. Nf3 e6 3. g3 d5 4. Bg2 Be7 5. 0-0 0-0 6. b3 b6 7. Bb2 Bb7 8. Ne5 Nbd7 9. f4 Nxe5 10. dxe5 Ng4 11. Qd2 Bc5+ 12. Bd4 Bxd4+ 13. Qxd4 c5 14. Qd2 Rb8 15. h3 Nh6 16. g4 Qh4 17. e3 Rfd8 18. Qe2 d4 19. e4 g5 20. Nd2 gxf4 21. Nf3 Qg3 22. g5 Ng4 23. hxg4 Qxg4 24. Rad1 Rd7 25. Nxd4 Qxg5 26. Nxe6 Qe7 27. Qg4+ 1-0

[Event "Kimry Spring op"]
[Site "Kimry"]
[Date "2011.04.30"]
[Round "4"]
[White "Zaitsev, Mikhael"]
[Black "Patsyk, Aleksandr"]
[Result "0-1"]
[WhiteElo "2016"]
[BlackElo "2186"]
[PlyCount "80"]
[EventDate "2011.04.29"]
[EventType "swiss"]
[EventRounds "8"]
[EventCountry "RUS"]
[SourceTitle "CBM 142 Extra"]
[Source "ChessBase"]
[SourceDate "2011.06.27"]
[SourceVersion "1"]
[SourceVersionDate "2011.06.27"]
[SourceQuality "1"]

1. Nf3 d5 2. c4 d4 3. g3 c5 4. Bg2 Nc6 5. 0-0 e5 6. d3 Bd6 7. e4 Nge7 8. Nbd2 Be6 9. Ng5 Qd7 10. Nxe6 Qxe6 11. f4 g6 12. Nf3 f6 13. f5 Qg8 14. fxg6 hxg6 15. Nh4 g5 16. Nf5 Nxf5 17. exf5 Qh7 18. h3 e4 19. dxe4 Bxg3 20. a3 Bd6 21. b4 cxb4 22. axb4 Bxb4 23. Ba3 Bxa3 24. Rxa3 Qe7 25. Qb3 Rd8 26. Raa1 d3 27. Qb5 0-0 28. c5 Kg7 29. Rfd1 a6 30. Qb6 Ne5 31. Rab1 Rd7 32. Bf1 Rc8 33. Rbc1 Rcd8 34. Qb3 Rd4 35. Bg2 R8d7 36. Rc3 Rc7 37. Kf1 Rcd7 38. Kf2 d2 39. Qc2 Nd3+ 40. Kg1 Ne1 0-1

[Event "RUS-chB U16"]
[Site "Dagomys"]
[Date "2009.04.19"]
[Round "5"]
[White "Zaitsev, Mikhael"]
[Black "Volodin, Ivan"]
[Result "0-1"]
[WhiteElo "1973"]
[BlackElo "2207"]
[PlyCount "78"]
[EventDate "2009.04.15"]
[EventType "swiss"]
[EventRounds "9"]
[EventCountry "RUS"]
[SourceTitle "EXT 2010"]
[Source "ChessBase"]
[SourceDate "2010.11.25"]
[SourceVersion "1"]
[SourceVersionDate "2010.11.25"]
[SourceQuality "1"]

1. e4 c5 2. Nf3 Nc6 3. d4 cxd4 4. Nxd4 g6 5. c4 Bg7 6. Be3 Nf6 7. Nc3 Ng4 8. Qxg4 Nxd4 9. Qd1 Ne6 10. Qd2 Qa5 11. Rc1 d6 12. Be2 Bd7 13. a3 Bc6 14. f3 0-0 15. 0-0 Kh8 16. Rfd1 f5 17. exf5 gxf5 18. Nd5 Qxd2 19. Rxd2 f4 20. Bf2 Nc5 21. Bd1 Bxd5 22. Rxd5 Bxb2 23. Rb1 Bf6 24. Bxc5 dxc5 25. Rxb7 Rab8 26. Rb5 Bd4+ 27. Kf1 a6 28. Rxb8 Rxb8 29. g3 Rb2 30. Be2 Rb3 31. Rd7 e5 32. a4 e4 33. fxe4 f3 34. Rd8+ Kg7 35. Rd7+ Kg6 36. Rd6+ Kf7 37. Bd1 Rb1 38. Ke1 f2+ 39. Ke2 Rxd1 0-1

[Event "RUS-chB U16"]
[Site "Dagomys"]
[Date "2009.04.17"]
[Round "3"]
[White "Gorlanov, Vladislav"]
[Black "Zaitsev, Mikhael"]
[Result "0-1"]
[WhiteElo "2179"]
[BlackElo "1973"]
[PlyCount "94"]
[EventDate "2009.04.15"]
[EventType "swiss"]
[EventRounds "9"]
[EventCountry "RUS"]
[SourceTitle "EXT 2010"]
[Source "ChessBase"]
[SourceDate "2010.11.25"]
[SourceVersion "1"]
[SourceVersionDate "2010.11.25"]
[SourceQuality "1"]

1. c4 e6 2. Nf3 Nf6 3. e3 d5 4. b3 Be7 5. Bb2 0-0 6. Be2 c5 7. 0-0 Nc6 8. d4 cxd4 9. Nxd4 Nxd4 10. Bxd4 Bd7 11. Nc3 Bc6 12. Qc2 dxc4 13. Bxc4 Qc7 14. f4 Rac8 15. Rac1 a6 16. a4 Nd7 17. Bd3 h6 18. Qb2 Bf6 19. Ne4 Bxd4 20. Qxd4 Qb6 21. Qxb6 Nxb6 22. Nc5 Rfd8 23. e4 Nd7 24. Rfd1 Nxc5 25. Rxc5 Rd4 26. Bc2 Rxd1+ 27. Bxd1 Rd8 28. Bc2 Rd4 29. Kf2 Rd2+ 30. Kf1 Kf8 31. h4 Ke7 32. g3 Kd6 33. Rc3 e5 34. Rd3+ Rxd3 35. Bxd3 f6 36. Kf2 Kc5 37. Ke3 Kb4 38. Bc2 Kc3 39. Bd1 Bd7 40. f5 Be8 41. g4 Bf7 42. a5 Bxb3 43. Be2 Bc4 44. Bd1 Kb4 45. Kd2 Kxa5 46. Kc3 b5 47. Bf3 Kb6 0-1

[Event "RUS-chB U16"]
[Site "Dagomys"]
[Date "2009.04.16"]
[Round "2"]
[White "Zaitsev, Mikhael"]
[Black "Pranizin, Gennady"]
[Result "1-0"]
[WhiteElo "1973"]
[BlackElo "2164"]
[PlyCount "77"]
[EventDate "2009.04.15"]
[EventType "swiss"]
[EventRounds "9"]
[EventCountry "RUS"]
[SourceTitle "EXT 2010"]
[Source "ChessBase"]
[SourceDate "2010.11.25"]
[SourceVersion "1"]
[SourceVersionDate "2010.11.25"]
[SourceQuality "1"]

1. e4 e5 2. Nc3 Nf6 3. g3 d5 4. exd5 Nxd5 5. Bg2 Nxc3 6. bxc3 Bd6 7. d3 Qf6 8. Ne2 h5 9. h3 h4 10. g4 c6 11. 0-0 g5 12. Be3 Qe7 13. Qd2 f6 14. d4 Nd7 15. Rfe1 0-0 16. Qd3 Kg7 17. Nc1 Rd8 18. Nb3 Nf8 19. c4 Bc7 20. c3 Be6 21. Rad1 Bf7 22. Qe2 Ng6 23. d5 e4 24. Nd4 Qe5 25. Nf5+ Kh8 26. Bd4 Qh2+ 27. Kf1 Re8 28. Bxf6+ Kh7 29. Bxg5 Bf4 30. Bxh4 Re5 31. Bg3 Bxg3 32. fxg3 cxd5 33. Qe3 Rxf5+ 34. gxf5 Ne7 35. Qf4 Re8 36. Qh4+ Kg7 37. f6+ Kg8 38. Qg5+ Ng6 39. Qh6 1-0

[Event "Central FR-chT"]
[Site "Verkhnedneprovsk"]
[Date "2006.11.30"]
[Round "1"]
[White "Zaitsev, Mikhael"]
[Black "Provotorov, Ivan"]
[Result "0-1"]
[WhiteElo "1940"]
[BlackElo "2358"]
[PlyCount "38"]
[EventDate "2006.11.30"]
[EventType "team-tourn"]
[EventRounds "7"]
[EventCountry "RUS"]
[SourceTitle "EXT 2019"]
[Source "ChessBase"]
[SourceDate "2018.10.10"]
[SourceVersion "1"]
[SourceVersionDate "2018.10.10"]
[SourceQuality "1"]

1. e4 e5 2. Nf3 Nc6 3. d4 exd4 4. Nxd4 Nf6 5. Nxc6 bxc6 6. e5 Qe7 7. Bf4 Nd5 8. Bg3 Qb4+ 9. Nd2 Qxb2 10. Bc4 Nc3 11. Qf3 Qxa1+ 12. Nb1 Nd5 13. Kd2 Qd4+ 14. Bd3 Ba6 15. Re1 Bb4+ 16. c3 Bxc3+ 17. Nxc3 Qxc3+ 18. Ke2 Qc2+ 19. Kf1 Bxd3+ 0-1